India, Pakistan or Neither? - Statistics

General Stats
  • This quiz has been taken 25 times
    20 since last reset
  • The average score is 8 of 13
Answer Stats
Question Answer % Correct
Karachi Pakistan
100%
Chennai India
86%
Jodhpur India
86%
Dhaka Neither
86%
Lahore Pakistan
86%
Darjeeling India
71%
Pune India
71%
Chittagong Neither
71%
Quetta Pakistan
71%
Hyderabad India
57%
Trivandrum India
57%
Ahmedabad Both
0%
Islamabad Both
0%
No matching quizzes found
Score Distribution
Percent of People with Each Score
Percentile by Number Answered
Your Score History
You have not taken this quiz since the last reset